LEADER 01474nam a2200337 a 4500 001 000000125030 003 CaOOAMICUS 005 20110413111209.0 008 110413s2011 it a 000 0 ita r 040 $aPUL$bita 082 04$a709.45 245 00$aRaffaello /$cpresentazione di Michele Prisco. 250 $aEd. speciale per il Corriere della Sera. 260 $aMilano :$bSkira,$c©2011$aMilano :$bR.C.S. Quotidiani,$c©2011$aMilano :$bR.C.S. Libri,$c©2011. 300 $a189 p. :$bill. ;$c21 cm 490 1 $aI classici dell'arte ;$v5 500 $aInclude indici. 600 04$aRaffaello Sanzio,$d1483-1520.$0(OLS)http://pul/subject/3749 650 4$aArte rinascimentale$zItalia.$0(OLS)http://pul/subject/21987 700 1 $aPrisco, Michele,$d1920-2003.$0(OLS)http://pul/name/65447 830 0$aClassici dell'arte ;$v5.$0(OLS)http://pul/title/157612 850 $aPUL 852 $aPUL$W1$xDP2 Cons. Gen., Altre Classi 3$y97$m709. 45 COLL 2.5$j143925$qDDC 21$B142979$CPULBib$Z2$F142979 $H116955 $82 941 1 $a9 960 $aSanzio, Raffaello,$d1483-1520$93749 996 $6082$a709.45$9(OLS)http://pul/classification/1904 996 $6245$aRaffaello$9(OLS)http://pul/title/106754 996 $6260$aMilano :$bSkira$9(OLS)http://pul/publisher/81335 996 $6260$aMilano :$bR.C.S. Quotidiani$9(OLS)http://pul/publisher/79195 996 $6260$aMilano :$bR.C.S. Libri$9(OLS)http://pul/publisher/74600 LEADER 01804nam a2200337 a 4500 001 000000140894 003 CaOOAMICUS 005 20141212114633.0 008 141212s2014 it u100 u ita r 020 $a978-88-7367-188-6 040 $aPUL$bita 082 04$a264 110 2 $aAssociazione professori di liturgia.$bSettimana di studio$n(41 :$d2013 :$cAlghero).$0(OLS)http://pul/name/90774 245 13$aLa mistagogia. Attualitą di una antica risorsa :$batti della XLI Settimana di studio dell'Associazione Professori di liturgia, Alghero, 26-30 agosto 2013 /$ca cura di Luigi Girardi. 260 $aRoma :$bC.L.V. Edizioni liturgiche,$c2014. 300 $a263 p. ;$c22 cm 490 1 $aBibliotheca "Ephemerides liturgicae". Subsidia. ;$v171. Collana Studi di liturgia. Nuova serie ;$v61 504 $aInclude bibliografia ed indici. 650 4$aLiturgia.$0(OLS)http://pul/subject/2437 650 4$aMistagogia.$0(OLS)http://pul/subject/40141 700 1 $aGirardi, Luigi.$0(OLS)http://pul/name/65614 830 0$aStudi di liturgia. $pNuova serie ;$v61.$0(OLS)http://pul/title/197012 830 0$aBibliotheca "Ephemerides liturgicae".$pSubsidia ;$v171.$0(OLS)http://pul/title/81 850 $aPUL 852 $aPUL$W1$xSL Religione 3$y85$m264 GIRLU 1$j162663$qDDC 21$B162287$CPULBib$Z2$F162287 $H125019 $82 941 1 $a9 996 $6020$a978-88-7367-188-6$9(OLS)http://pul/number/156517 996 $6082$a264$9(OLS)http://pul/classification/492 996 $6245$aLa mistagogia. Attualitą di una antica risorsa :$batti della XLI Settimana di studio dell'Associazione Professori di liturgia, Alghero, 26-30 agosto 2013$9(OLS)http://pul/title/178262 996 $6260$aRoma :$bC.L.V. Edizioni liturgiche$9(OLS)http://pul/publisher/51216